Фотография без учител (Запис номер 355134)
[ съкратено ]
| 000 -Лидер | |
|---|---|
| Контролно поле с фиксирана дължина | 00856nam a2200241 a 4500 |
| 003 - Код на организацията, давaща контролен номер | |
| Контролно поле | BLK |
| 005 - Дата и час на последна редакция | |
| Контролно поле | 20250122135852.0 |
| 008 - Елементи от данни с фиксирана дължина | |
| fixed length control field | 200416b bu ||||| |||| 00| 0 bu d |
| 040 ## - Източник на каталожния запис | |
| Идентификатор на билиотеката - собственик на записа | BLK |
| 041 ## - Код за език | |
| Код за езика на текст/звукозапис или на отделно заглавие | Български |
| Код за езика КДБФ | Български |
| 080 ## - УДК | |
| Текстов определител УДК | Фотографска техника и процеси. Вж и 771 |
| УДК код - определител по УДК | 77.02 |
| УДК определител | (035) |
| УДК - код + определител | 77.02(035) |
| 139 ## - Редно поле | |
| Авторски знак | Фот - Ф 74 |
| 245 ## - Сведения за заглавието | |
| Заглавие | Фотография без учител |
| Подзаглавни данни | Ръководство |
| 260 ## - Област на издателските данни | |
| 9 (RLIN) | 405174 |
| Място на издаване, разпространение и проч. | Русе |
| Име на издателя, разпространителя и проч. | Бр. Елиезер |
| Печатница | Ст. Ив. Роглев |
| Година на издаване | Б. г. |
| 300 ## - Физическа характеристика | |
| Страници | 32 с. |
| Илюстрации и др. | с ил. |
| Размери/Мащаб | 16 см |
| 380 ## - Жанр | |
| Жанр | Изкуство |
| 650 #0 - Допълнително описание по предмет – тема | |
| 9 (RLIN) | 258492 |
| Основно описание – тема или топоним | Фотография - наръчници и ръководства |
| 653 #7 - Ключова дума – ненормативна | |
| 9 (RLIN) | 199488 |
| Ключова дума | фотография |
| 653 #7 - Ключова дума – ненормативна | |
| 9 (RLIN) | 195943 |
| Ключова дума | ръководства |
| 999 ## - СИСТЕМНИ КОНТРОЛНИ НОМЕРА | |
| Koha biblionumber | 355134 |
| Koha biblioitemnumber | 355134 |
| 942 ## - АРТИКУЛИ | |
| Вид на библиотечния материал | Книги |
| Скрит в OPAC | Не |
| Периодичен библиозапис | Да |
| Koha issues (borrowed), all copies | 1 |
| 944 ## - СЪЗДАВАНЕ И РЕДАКЦИЯ на ЗАПИСА | |
| Дата на регистрацията/редакция | 2020-04-16 |
| Служител, извършил регистрацията/редакцията | 30558 |
| Статус, дата на статуса | Валя Йорданова |
| 999 ## - СИСТЕМНИ КОНТРОЛНИ НОМЕРА | |
| Koha biblioitemnumber | 355134 |
| Код за отписване | Код за изгубен артикул | Източник на класификационната схема | Код за повреда | Коз за рестрикции | Код за отдаване | Артикулен № | Име на библиотеката - собственик | Име на библиотеката, в която се намира в момента | Статус (Текущо местоположение) | Дата на вписване в системата | Местоположение - отдел | Цена в лева | Инвентарен номер | Систематично азбучна сигнатура | Баркод | Цена в евро | Служебен тип на артикула |
|---|---|---|---|---|---|---|---|---|---|---|---|---|---|---|---|---|---|
| Не е изгубен | Universal Decimal Classification | Не е повреден | само за читалня | ползва се в читалня | 762409 | Регионална библиотека "Любен Каравелов" Русе | Регионална библиотека "Любен Каравелов" Русе | Краезнание | 2020-04-17 | Краезнание | 1.00 | 378711 | К 7/Ф 74 | 120000378711 | 0.51 | Книги |